Le probléme moral et la pensée de Sartre

Guardat en:
Dades bibliogràfiques
Autor principal: Jeanson, Francis (Autor)
Format: Llibre
Idioma:francès
Publicat: París Du Seuil 1965
Matèries:
Etiquetes: Afegir etiqueta
Sense etiquetes, Sigues el primer a etiquetar aquest registre!

MARC

LEADER 00000nam a2200000 a 4500
001 UCZ3785
003 CL-VaPUC
008 951027e19650000FR |||||||||||||||||fre|d
082 0 4 |a 142.78  |b JEA  |2 21 
100 |a Jeanson, Francis  |e author  |9 347619 
245 1 3 |a Le probléme moral et la pensée de Sartre 
300 |a 347 p 
942 |c BK 
945 |d 19951027 00:00:00  |a cmena 
260 |a París  |b Du Seuil  |c 1965 
650 0 |a Existencialismo  |9 265698 
650 0 |a Escuelas filosóficas   |9 266232 
650 0 |a Filosofía francesa   |9 255698 
650 0 |a Ética  |9 255099 
650 0 |a Conceptos morales   |9 310606 
650 0 |a Fenomenología  |9 256519 
583 |a last modification  |c 19951027 00:00:00  |k Rodrigo Vera 
999 |c 240233  |d 240231 
952 |0 0  |1 0  |4 0  |6 142_780000000000000_JEA_1965  |7 0  |8 P  |9 251964  |a BIBEDU  |b BIBEDU  |c BIBEDU_PB  |d 2019-11-18  |i 1588893  |o 142.78 JEA 1965  |p 1588893  |r 2024-01-25  |w 2019-11-18  |y BK  |k FIL 
952 |0 0  |1 0  |4 0  |6 142_780000000000000_JEA_1965  |7 0  |8 P  |9 251965  |a BIBEDU  |b BIBEDU  |c BIBEDU_PB  |d 2019-11-18  |i 1595083  |o 142.78 JEA 1965  |p 1595083  |r 2024-01-25  |w 2019-11-18  |y BK  |k FIL